书目信息 |
| 题名: |
虚掩的门
|
|
| 作者: | 张健鹏 , 胡足青 主编 | |
| 分册: | ||
| 出版信息: | 北京 当代世界出版社 2003.07 |
|
| 页数: | 399页 | |
| 开本: | 32开 | |
| 丛书名: | ||
| 单 册: | ||
| 中图分类: | I247.8 | |
| 科图分类: | ||
| 主题词: | 小说--中国 | |
| 电子资源: | ||
| ISBN: | 7-80115-282-4 | |
| 000 | 00557nam0 2200193 45 | |
| 001 | 0008051591 | |
| 005 | 20000805152826.3 | |
| 010 | @a7-80115-282-4@dCNY 21.00 | |
| 100 | @a20000805d2003 km y0chiy0120 ea | |
| 101 | 0 | @achi |
| 200 | 1 | @a虚掩的门@AXu Yan De Men@f张健鹏,胡足青主编@FZhang Jian Peng,Hu Zu Qing Zhu Bian |
| 210 | @a北京@c当代世界出版社@d2003.07 | |
| 215 | @a399页@d32开 | |
| 606 | 0 | @a小说@x中国 |
| 690 | @aI247.8@v3 | |
| 701 | 0 | @a张健鹏@4主编 |
| 701 | 0 | @a胡足青@4主编 |
| 801 | @aCN@bPftUser@c20000805 | |
| 905 | @b89155-159@dI247.8@eZH659@f5 | |
| 虚掩的门/张健鹏,胡足青主编.-北京:当代世界出版社,2003.07 |
| 399页;32开 |
| ISBN 7-80115-282-4:CNY 21.00 |
| ● |
| 相关链接 |
|
|
|
正题名:虚掩的门
索取号:I247.8/ZH659
 
预约/预借
| 序号 | 登录号 | 条形码 | 馆藏地/架位号 | 状态 | 备注 |
| 1 | 375738 | 203757381 | 文学库108/ [索取号:I247.8/ZH659] | 在馆 | |
| 2 | 375739 | 203757390 | 文学库108/ [索取号:I247.8/ZH659] | 在馆 | |
| 3 | 89155 | 200891552 | 文学库108/ [索取号:I247.8/ZH659] | 在馆 | |
| 4 | 89156 | 200891561 | 文学库108/ [索取号:I247.8/ZH659] | 在馆 | |
| 5 | 89157 | 200891570 | 文学库108/ [索取号:I247.8/ZH659] | 在馆 | |
| 6 | 89158 | 200891589 | 社科二线400B/400B社科库 19排2列2层/ [索取号:I247.8/ZH659] | 在馆 | |
| 7 | 89159 | 200891598 | 文学库108/ [索取号:I247.8/ZH659] | 在馆 |